Score 0/23 Timer 01:30
3 Plays Today
Letter Country % Correct
CCanada
98.7%
CCosta Rica
98.7%
CCuba
98.7%
HHaiti
91.4%
HHonduras
91.4%
BBahamas
91%
BBarbados
91%
BBelize
91%
UUnited States
90.6%
JJamaica
88%
MMexico
87%
DDominica
83.5%
Letter Country % Correct
DDominican Republic
83.5%
GGrenada
81%
GGuatemala
81%
PPanama
79.2%
NNicaragua
76.4%
EEl Salvador
70.7%
SSt. Kitts and Nevis
69.3%
SSt. Lucia
69.3%
SSt. Vincent and the Grenadines
69.3%
TTrinidad and Tobago
64.5%
AAntigua and Barbuda
64.4%

You're not logged in!

Compare scores with friends on all Sporcle quizzes.
OR
Log In

Sporcle TV

Today on Sporcle TV


Watch our educational content, quiz creation guides, and fun videos on Sporcle TV.

Show Comments

Extras

Top Quizzes Today


Score Distribution

Paid Content

Your Account Isn't Verified!

In order to create a playlist on Sporcle, you need to verify the email address you used during registration. Go to your Sporcle Settings to finish the process.

Report this User

Report this user for behavior that violates our Community Guidelines.

Details: